| Tag |
First Indicator |
Second Indicator |
Subfields |
| LEADER |
00000cam a2200000 a 4500 |
| 001 |
in00000074500 |
| 005 |
20151008053551.0 |
| 008 |
790716s1979 dcu b 00010 eng d |
| 010 |
|
|
|a 78057982
|
| 020 |
|
|
|a 0819106607
|
| 035 |
|
|
|a (OCoLC)05175180
|
| 035 |
|
|
|9 AAH7859AM
|
| 040 |
|
|
|a YSM
|c YSM
|d m.c.
|d TXA
|d UtOrBLW
|
| 049 |
|
|
|a TXAM
|c [1387143]
|
| 090 |
|
|
|a BF319.5.P8
|b W44
|
| 100 |
1 |
|
|a Wesley, George Randolph,
|d 1931-
|
| 245 |
1 |
0 |
|a Spare the rod /
|c George R. Wesley.
|
| 264 |
|
1 |
|a Washington, D.C. :
|b University Press of America,
|c [1979]
|
| 264 |
|
4 |
|c ©1979
|
| 300 |
|
|
|a 184 pages ;
|c 23 cm.
|
| 336 |
|
|
|a text
|b txt
|2 rdacontent
|
| 337 |
|
|
|a unmediated
|b n
|2 rdamedia
|
| 338 |
|
|
|a volume
|b nc
|2 rdacarrier
|
| 504 |
|
|
|a Includes bibliographies.
|
| 650 |
|
0 |
|a Punishment (Psychology)
|
| 999 |
|
|
|a MARS
|
| 999 |
f |
f |
|s 1af4096d-4990-32fd-a695-011bcc4e736c
|i 53de622c-a3bb-31e6-b626-7d0ea12a28d0
|t 0
|
| 952 |
f |
f |
|p ric
|a Texas A&M University
|b Rellis Campus
|c Joint Library Facility
|d Remote Storage
|t 0
|e BF319.5.P8 W44
|h Library of Congress classification
|i unmediated -- volume
|m A14806086938
|
| 998 |
f |
f |
|a BF319.5.P8 W44
|t 0
|l Remote Storage
|